Obce okresu Kutná Hora - Statistics

General Stats
  • This quiz has been taken 11 times
  • The average score is 32 of 88
Answer Stats
Počet obyvatel Odpověď % Correct
10 399 Čáslav
100%
21 642 Kutná Hora
100%
1 429 Žleby
80%
1 312 Církvice
70%
1 054 Malešov
70%
3 118 Vrdy
70%
825 Chotusice
60%
394 Drobovice
60%
395 Horky
60%
404 Krchleby
60%
1 145 Miskovice
60%
402 Močovice
60%
907 Nové Dvory
60%
635 Potěhy
60%
556 Rataje nad Sázavou
60%
1 119 Suchdol
60%
688 Tupadly
60%
3 131 Uhlířské Janovice
60%
416 Žáky
60%
1 415 Zbraslavice
60%
600 Zbýšov
60%
4 755 Zruč nad Sázavou
60%
135 Adamov
50%
416 Bratčice
50%
668 Hlízov
50%
550 Kluky
50%
241 Ledečko
50%
273 Semtěš
50%
983 Svatý Mikuláš
50%
594 Bílé Podolí
40%
652 Červené Janovice
40%
774 Chlístovice
40%
110 Hraběšín
40%
742 Křesetice
40%
213 Okřesaneč
40%
226 Paběnice
40%
315 Rohozec
40%
82 Šebestěnice
40%
139 Štipoklasy
40%
311 Třebešice
40%
543 Úmonín
40%
632 Vlkaneč
40%
901 Žehušice
40%
28 Čejkovice
30%
426 Černíny
30%
131 Dobrovítov
30%
247 Hostovlice
30%
792 Kácov
30%
311 Petrovice I
30%
213 Samopše
30%
91 Schořov
30%
152 Souňov
30%
133 Třebonín
30%
741 Úžice
30%
266 Vinaře
30%
471 Vlastějovice
30%
165 Bernardov
20%
452 Bohdaneč
20%
112 Brambory
20%
470 Čestín
20%
408 Horka I
20%
412 Horka II
20%
58 Košice
20%
356 Onomyšl
20%
156 Petrovice II
20%
210 Podveky
20%
141 Slavošov
20%
183 Soběšín
20%
114 Třebětín
20%
276 Vidice
20%
825 Záboří nad Labem
20%
25 Bludov
10%
165 Horušice
10%
216 Kobylnice
10%
215 Nepoměřice
10%
181 Opatovice I
10%
166 Pertoltice
10%
426 Rašovice
10%
262 Staňkovice
10%
154 Starkoč
10%
82 Sudějov
10%
594 Vavřinec
10%
503 Zbizuby
10%
281 Chabeřice
0%
127 Dolní Pohleď
0%
251 Řendějov
0%
260 Vlačice
0%
76 Vodranty
0%
No matching quizzes found
Score Distribution
Percent of People with Each Score
Percentile by Number Answered
Your Score History
You have not taken this quiz